| 000 | 00905nam a2200277 i 4500 | ||
|---|---|---|---|
| 003 | CO-BoRNBP | ||
| 005 | 20240722171334.0 | ||
| 007 | ta | ||
| 008 | 240722s2002 ck a|||| |||| 00| 0 spa d | ||
| 020 | _a7706894106073 | ||
| 040 |
_aCO-BoRNBP _bSpa _cCO-BoRNBP _drda |
||
| 041 | 1 |
_aespañol _hinglés |
|
| 084 | _aC COL | ||
| 100 |
_aColin, McNaughton _eautor _941675 |
||
| 245 | 1 | 3 |
_a¡De repente! _cTexto e ilustración: Colin, McNaughton; Traducción, Cristina Aparicio |
| 250 | _aPrimera edición | ||
| 264 |
_aBogotá, Colombia _bEditorial Norma S.A. _c2000 |
||
| 300 |
_a32 páginas _bilustraciones a color _cAlto 26cm ancho 21cm |
||
| 336 |
_2rdacontent _atexto _btxt |
||
| 337 |
_2rdamedia _asin mediación _bn |
||
| 338 |
_2rdacarrier _avolumen _bnc |
||
| 650 |
_2ARMARC _aCuento infantil _916411 |
||
| 650 |
_2ARMARC _ahumor _923010 |
||
| 650 |
_2ARMARC _acerdito/lobo _941676 |
||
| 942 |
_2ddc _cBKINF |
||
| 999 |
_c38202 _d38202 |
||